<?xml version="1.0" encoding="UTF-8"?>
<record
    xmlns:xsi="http://www.w3.org/2001/XMLSchema-instance"
    xsi:schemaLocation="http://www.loc.gov/MARC21/slim http://www.loc.gov/standards/marcxml/schema/MARC21slim.xsd"
    xmlns="http://www.loc.gov/MARC21/slim">

  <leader>01470cam a22003611a 4500</leader>
  <controlfield tag="001">sa 68020753 </controlfield>
  <controlfield tag="003">DLC</controlfield>
  <controlfield tag="005">20260227112727.0</controlfield>
  <controlfield tag="008">820217s1966    ii c          000 0 tib  </controlfield>
  <datafield tag="010" ind1=" " ind2=" ">
    <subfield code="a">sa 68020753 </subfield>
  </datafield>
  <datafield tag="020" ind1=" " ind2=" ">
    <subfield code="c">Rs5.00</subfield>
  </datafield>
  <datafield tag="025" ind1=" " ind2=" ">
    <subfield code="a">PL480:I-Tib-135</subfield>
  </datafield>
  <datafield tag="035" ind1=" " ind2=" ">
    <subfield code="a">(OCoLC)8160427</subfield>
  </datafield>
  <datafield tag="040" ind1=" " ind2=" ">
    <subfield code="a">DLC</subfield>
    <subfield code="c">InU</subfield>
    <subfield code="d">DLC</subfield>
  </datafield>
  <datafield tag="042" ind1=" " ind2=" ">
    <subfield code="a">premarc</subfield>
  </datafield>
  <datafield tag="043" ind1=" " ind2=" ">
    <subfield code="a">a-cc-ti</subfield>
  </datafield>
  <datafield tag="050" ind1="0" ind2="0">
    <subfield code="a">PL3611.T53</subfield>
    <subfield code="b">D2736</subfield>
  </datafield>
  <datafield tag="100" ind1="0" ind2=" ">
    <subfield code="a">Padma-mchog-dpal-bza&#x1E45;-po,</subfield>
    <subfield code="c">Dka&#x2BC;-chen.</subfield>
  </datafield>
  <datafield tag="245" ind1="1" ind2="0">
    <subfield code="a">Modern Tibetan grammar /</subfield>
    <subfield code="c">by Kachen-Padma ; edited, L. Jamspal.</subfield>
  </datafield>
  <datafield tag="260" ind1=" " ind2=" ">
    <subfield code="a">Varanasi :</subfield>
    <subfield code="b">Champa-Legtshog,</subfield>
    <subfield code="c">1966.</subfield>
  </datafield>
  <datafield tag="300" ind1=" " ind2=" ">
    <subfield code="a">7, i, 59 p. :</subfield>
    <subfield code="b">port. ;</subfield>
    <subfield code="c">19 cm.</subfield>
  </datafield>
  <datafield tag="500" ind1=" " ind2=" ">
    <subfield code="a">In Tibetan.</subfield>
  </datafield>
  <datafield tag="500" ind1=" " ind2=" ">
    <subfield code="a">Cover title: Legs b&#x15B;ad ljon dba&#x1E45; gi &#x2BC;grel chu&#x1E45; Brda sprod tshig gi gli&#x1E45; bu.</subfield>
  </datafield>
  <datafield tag="500" ind1=" " ind2=" ">
    <subfield code="a">Includes the author's Sum cu pa&#x2BC;i zur rgyan Legs b&#x15B;ad padma dkar po&#x2BC;i phre&#x1E45; ba.</subfield>
  </datafield>
  <datafield tag="600" ind1="0" ind2="0">
    <subfield code="a">Dbya&#x1E45;s-can-grub-pa&#x2BC;i-rdo-rje,</subfield>
    <subfield code="c">D&#x1E45;ul-chu,</subfield>
    <subfield code="d">1809-1887.</subfield>
    <subfield code="t">Sum cu pa&#x2BC;i s&#xF1;i&#x1E45; po Legs b&#x15B;ad ljon pa&#x2BC;i dba&#x1E45; po.</subfield>
  </datafield>
  <datafield tag="600" ind1="0" ind2="0">
    <subfield code="a">Thon-mi Sambho&#x1E6D;a,</subfield>
    <subfield code="d">active 632.</subfield>
    <subfield code="t">Sum cu pa.</subfield>
  </datafield>
  <datafield tag="650" ind1=" " ind2="0">
    <subfield code="a">Tibetan language</subfield>
    <subfield code="x">Grammar.</subfield>
  </datafield>
  <datafield tag="650" ind1=" " ind2="0">
    <subfield code="a">Tibetan language</subfield>
    <subfield code="x">Texts.</subfield>
  </datafield>
  <datafield tag="700" ind1="1" ind2=" ">
    <subfield code="a">Jamspal, L.,</subfield>
    <subfield code="d">1936-</subfield>
  </datafield>
  <datafield tag="700" ind1="0" ind2="2">
    <subfield code="a">Padma-mchog-dpal-bza&#x1E45;-po,</subfield>
    <subfield code="c">Dka&#x2BC;-chen.</subfield>
    <subfield code="t">Sum cu pa&#x2BC;i zur rgyan Legs b&#x15B;ad padma dkar po&#x2BC;i phre&#x1E45; ba.</subfield>
  </datafield>
  <datafield tag="740" ind1="0" ind2=" ">
    <subfield code="a">Sum cu pa&#x2BC;i zur rgyan Legs b&#x15B;ad padma dkar po&#x2BC;i phre&#x1E45; ba.</subfield>
  </datafield>
  <datafield tag="740" ind1="0" ind2=" ">
    <subfield code="a">Legs b&#x15B;ad ljon dba&#x1E45; gi &#x2BC;grel chu&#x1E45; Brda sprod tshig gi gli&#x1E45; bu.</subfield>
  </datafield>
  <datafield tag="999" ind1=" " ind2=" ">
    <subfield code="c">89579</subfield>
    <subfield code="d">89579</subfield>
  </datafield>
</record>
